| 000 | 00609nam a2200205Ia 4500 | ||
|---|---|---|---|
| 999 |
_c4395 _d4395 |
||
| 020 | _a0-521-60051-0 | ||
| 082 | _a345.0235 MAY-C | ||
| 100 | _aMay, Larry | ||
| 245 | 0 | _aCrimes against humanity: a normative account | |
| 260 |
_aCambridge _bCambridge University Press _c2005 |
||
| 300 | _axiii, 310 | ||
| 440 | _aCambridge Studies in Philosophy and Law | ||
| 504 | _aincludes bibliography and index | ||
| 650 | _aCrimes against humanity | ||
| 650 | _aInternational offenses | ||
| 650 | _aCriminal law, International | ||
| 650 | _aInternational criminal law | ||
| 700 | _aPostema, Gerald | ||
| 942 | _cBK | ||